000 00412nam a2200121Ia 4500
008 220216s9999 xx 000 0 und d
100 _aMarattukalam J.G.
245 0 _aCharacters of recommended clones
260 _bIn: Training Manual on Rubber Culture and Estate Management, Rubber Research Institute of India, Kottayam, India, pp. 24-27.
_c1995
650 _aClonal character
650 _aClone
942 _cBS
999 _c52640
_d52640